书目信息 |
| 题名: |
黑洞与时间弯曲
|
|
| 作者: | 索恩 著 ;李泳 译 | |
| 分册: | 上 | |
| 出版信息: | 长沙 湖南科学技术出版社 2018 |
|
| 页数: | 2册(18,719页) | |
| 开本: | 21cm | |
| 丛书名: | 第一推动丛书 | |
| 单 册: | ||
| 中图分类: | P145.8-49 | |
| 科图分类: | ||
| 主题词: | 广义相对论--时间--普及读物 | |
| 电子资源: | ||
| ISBN: | 978-7-5357-9455-0 | |
| 000 | 01318oam2 2200301 450 | |
| 001 | 3531 | |
| 005 | 20180528105028.10 | |
| 010 | @a978-7-5357-9455-0@dCNY44.50 | |
| 010 | @a978-7-5357-9558-8@bCNY2598.00(全套) | |
| 100 | @a20180513d2018 em y0chiy50 ea | |
| 101 | 1 | @achi@ceng |
| 102 | @aCN@b430000 | |
| 105 | @aa z 001yy | |
| 200 | 1 | @a黑洞与时间弯曲@9hei dong yu shi jian wan qu@dBlack holes and time warps@h上@f(美)基普·S. 索恩(Kip S.Thorne)著@g李泳译@zeng |
| 210 | @a长沙@c湖南科学技术出版社@d2018 | |
| 215 | @a2册(18,719页)@c图@d21cm | |
| 225 | 1 | @a第一推动丛书@i宇宙系列@v03 |
| 305 | @a湖南科学技术出版社通过大苹果文化艺术有限公司获得本书中文简体版中国大陆独家出版发行权 | |
| 330 | @a本书作者花费15年时间写就了这本介绍宇宙研究历史和发展情况的科普著作,系统地介绍了宇宙物理学的发展历史、代表人物、理论的冲突和科研上的合作与竞争,还介绍了从光学望远镜、射电望远镜到引力波探测仪的不同探测手段的发展过程,以及在不同探测手段下宇宙所展现出来的激动人心的一面。 | |
| 461 | 0 | @12001 @a第一推动丛书 |
| 462 | 0 | @12001 @a宇宙系列 |
| 510 | 1 | @aBlack holes and time warps@zeng |
| 606 | 0 | @a广义相对论@x时间@j普及读物 |
| 690 | @aP145.8-49@v5 | |
| 701 | 0 | @c(美)@a索恩@9suo en@c(Thorne, Kip S.)@4著 |
| 702 | 0 | @a李泳@9li yong@4译 |
| 801 | 0 | @aCN@b91MARC@c20180513 |
| 905 | @aMuseLib@dP145.8-49@e214:1 | |
| 黑洞与时间弯曲=Black holes and time warps.上/(美)基普·S. 索恩(Kip S.Thorne)著/李泳译.-长沙:湖南科学技术出版社,2018 |
| 2册(18,719页):图;21cm.-(第一推动丛书.宇宙系列;03) |
| ISBN 978-7-5357-9455-0:CNY44.50 |
| 本书作者花费15年时间写就了这本介绍宇宙研究历史和发展情况的科普著作,系统地介绍了宇宙物理学的发展历史、代表人物、理论的冲突和科研上的合作与竞争,还介绍了从光学望远镜、射电望远镜到引力波探测仪的不同探测手段的发展过程,以及在不同探测手段下宇宙所展现出来的激动人心的一面。 |
| ● |
| 相关链接 |
|
|
|
|
正题名:黑洞与时间弯曲
索取号:P145.8-49/214:1
 
预约/预借
| 序号 | 登录号 | 条形码 | 馆藏地/架位号 | 状态 | 备注 |
| 1 | 1109572 | 211095722 | 第二样本阅览室/ [索取号:P145.8-49/214:1] | 在馆 | |
| 2 | 1109573 | 211095731 | 教育系资料室/ [索取号:P145.8-49/214:1] | 在馆 | |
| 3 | 1109574 | 211095740 | 教育系资料室/ [索取号:P145.8-49/214:1] | 在馆 | |
| 4 | 1109575 | 211095759 | 第三借阅区/ [索取号:P145.8-49/214:1] | 在馆 |